| 000 | 00646cam a2200193 a 4500 | ||
|---|---|---|---|
| 020 | _a0070383413 : | ||
| 040 | _cDLC | ||
| 082 | 0 | 0 | _a652 GRE 1987 A047 Or. |
| 245 | 0 | 0 | _aGregg keyboarding and personal applications / |
| 260 |
_aNew York : _bGregg Division/McGraw-Hill, _cc1987. |
||
| 300 |
_axii, 148 p. : _bill. ; _c29 cm. |
||
| 500 | _aIncludes index. | ||
| 520 | _aA manual for a one-semester typing course with such special features as diagnostic exercises, skill-building routines, and language arts boosters. | ||
| 650 | 0 | _aTypewriting. | |
| 650 | 0 | _aKeyboarding. | |
| 650 | 1 | _aTypewriting. | |
| 700 | 1 | _aLloyd, Alan C. | |
| 942 | _cEK | ||
| 999 |
_c13409 _d13409 |
||